[Event "CZE-chT2B 2223"]
[Site "Czech Republic"]
[Date "2023.03.05"]
[Round "10.3"]
[White "Ksana, Vaclav"]
[Black "Ondrus, Martin"]
[Result "1/2-1/2"]
[WhiteElo "2150"]
[BlackElo "2224"]
[PlyCount "135"]
[EventDate "2022.10.16"]
[EventType "team-tourn"]
[EventRounds "11"]
[EventCountry "CZE"]
[SourceTitle "EXT 2024"]
[Source "ChessBase"]
[SourceDate "2023.10.10"]
[SourceVersion "1"]
[SourceVersionDate "2023.10.10"]
[SourceQuality "1"]
[WhiteTeam "Kolesovice"]
[BlackTeam "Kobylisy"]
[WhiteTeamCountry "CZE"]
[BlackTeamCountry "CZE"]

1. e4 c5 2. b4 cxb4 3. a3 d5 4. exd5 Qxd5 5. Nf3 e6 6. Bb2 Nf6 7. c4 bxc3 8. Nxc3 Qa5 9. Bb5+ Bd7 10. Bxd7+ Nbxd7 11. 0-0 Be7 12. d4 0-0 13. Re1 Nb6 14. Ne5 Rac8 15. Qf3 Nbd5 16. Rec1 Nxc3 17. Bxc3 Qd5 18. Qd1 Ne4 19. Bb4 Bxb4 20. axb4 Nc3 21. Qe1 Qxd4 22. Nf3 Qxb4 23. Rcb1 Qe7 24. Rb3 Nd5 25. Rxa7 Rc7 26. g3 b6 27. Rxc7 Qxc7 28. Qe4 h6 29. Kg2 Rb8 30. Ne5 b5 31. Rf3 Nf6 32. Qe3 b4 33. Rxf6 gxf6 34. Ng4 f5 35. Nxh6+ Kh7 36. Qg5 f6 37. Qxf6 Qg7 38. Qxe6 Qxh6 39. Qxf5+ Qg6 40. Qd7+ Kg8 41. Qd5+ Qf7 42. Qg5+ Kf8 43. Qh6+ Ke7 44. Qc6 Kd8 45. Qd6+ Kc8 46. Qc5+ Qc7 47. Qf8+ Kd7 48. Qf7+ Kd6 49. Qf4+ Kc6 50. Qc4+ Kd7 51. Qf7+ Kc8 52. Qf8+ Qd8 53. Qc5+ Kd7 54. Qd5+ Ke7 55. Qe5+ Kf7 56. Qf4+ Kg7 57. Qe5+ Kh6 58. Qe6+ Kh7 59. Qf7+ Kh8 60. Qh5+ Kg7 61. Qe5+ Kf7 62. Qf4+ Ke6 63. Qe4+ Kd6 64. Qd4+ Ke7 65. Qe5+ Kd7 66. Qd5+ Kc8 67. Qc5+ Qc7 68. Qf8+ 1/2-1/2

[Event "CZE-chT1W 2223"]
[Site "Czech Republic"]
[Date "2023.02.26"]
[Round "9.6"]
[White "Stary, Lukas"]
[Black "Ksana, Vaclav"]
[Result "1/2-1/2"]
[WhiteElo "1925"]
[BlackElo "2203"]
[PlyCount "23"]
[EventDate "2022.10.09"]
[EventType "team-tourn"]
[EventRounds "11"]
[EventCountry "CZE"]
[SourceTitle "CBM 213 Extra"]
[Source "ChessBase"]
[SourceDate "2023.05.31"]
[SourceVersion "1"]
[SourceVersionDate "2023.05.31"]
[SourceQuality "1"]
[WhiteTeam "Polabiny III"]
[BlackTeam "Litomerice Slavoj"]
[WhiteTeamCountry "CZE"]
[BlackTeamCountry "CZE"]

1. f4 e5 2. fxe5 d6 3. exd6 Bxd6 4. Nf3 g5 5. g3 g4 6. Nh4 Ne7 7. d4 Ng6 8. Nxg6 hxg6 9. Qd3 Nc6 10. c3 Bf5 11. e4 Qe7 12. Bg2 1/2-1/2

[Event "CZE-chT2B 1920"]
[Site "Czech Republic"]
[Date "2019.12.15"]
[Round "5.3"]
[White "Fryc, Miroslav"]
[Black "Ksana, Vaclav"]
[Result "0-1"]
[WhiteElo "2203"]
[BlackElo "2091"]
[PlyCount "92"]
[EventDate "2019.10.13"]
[EventType "team-tourn"]
[EventRounds "11"]
[EventCountry "CZE"]
[SourceTitle "EXT 2024"]
[Source "ChessBase"]
[SourceDate "2023.10.10"]
[SourceVersion "1"]
[SourceVersionDate "2023.10.10"]
[SourceQuality "1"]
[WhiteTeam "Karlovy Vary Tietz"]
[BlackTeam "Litomerice"]
[WhiteTeamCountry "CZE"]
[BlackTeamCountry "CZE"]

1. e4 Nc6 2. Nc3 e5 3. f4 exf4 4. Nf3 g5 5. Bc4 Bg7 6. 0-0 d6 7. d4 h6 8. Nd5 Nge7 9. c3 0-0 10. b4 Nxd5 11. Bxd5 Ne7 12. Bb3 d5 13. Qe2 c6 14. Re1 Bg4 15. Bb2 Re8 16. Qf2 a5 17. a3 Be6 18. Nd2 Kf8 19. Rac1 Ng8 20. c4 Nf6 21. h3 axb4 22. axb4 b5 23. exd5 cxd5 24. c5 Bf5 25. Qf1 Qd7 26. Nf3 Rxe1 27. Rxe1 Ne4 28. Rc1 Ng3 29. Qf2 Re8 30. c6 Qd6 31. Ne5 Qxb4 32. Bxd5 Be4 33. Bxe4 Nxe4 34. Qc2 Nd6 35. Bc3 Qa4 36. Qb2 Bxe5 37. dxe5 Nc4 38. Qf2 Qa3 39. Qe1 Qc5+ 40. Kh2 Qxc6 41. Bd4 Qd5 42. Qc3 Ne3 43. Qb2 g4 44. hxg4 Nxg4+ 45. Kh3 Qd7 46. Kh4 Qf5 0-1

[Event "CZE-chT2B 1819"]
[Site "Czech Republic"]
[Date "2019.03.17"]
[Round "10.3"]
[White "Ksana, Vaclav"]
[Black "Fric, Pavel"]
[Result "1-0"]
[WhiteElo "2072"]
[BlackElo "2030"]
[PlyCount "57"]
[EventDate "2018.10.14"]
[EventType "team-tourn"]
[EventRounds "11"]
[EventCountry "CZE"]
[SourceTitle "EXT 2022"]
[Source "ChessBase"]
[SourceDate "2021.10.06"]
[SourceVersion "1"]
[SourceVersionDate "2021.10.06"]
[SourceQuality "1"]
[WhiteTeam "Louny Union"]
[BlackTeam "Karlovy Vary Tietz II"]
[WhiteTeamCountry "CZE"]
[BlackTeamCountry "CZE"]

1. e4 c5 2. f4 Nc6 3. Nf3 g6 4. Bb5 Nd4 5. Nxd4 cxd4 6. 0-0 Bg7 7. d3 e6 8. f5 a6 9. fxe6 fxe6 10. Bc4 Nh6 11. Qf3 Rf8 12. Qh3 Rxf1+ 13. Kxf1 Qf6+ 14. Kg1 d5 15. Bxh6 dxc4 16. Nd2 cxd3 17. cxd3 Bd7 18. Nc4 Bxh6 19. Qxh6 Qe7 20. Qf4 Bc6 21. Rf1 Bb5 22. Nd6+ Kd7 23. e5 Kc7 24. Qxd4 Rf8 25. Rc1+ Kb8 26. Qb6 Bxd3 27. Nxb7 Ka8 28. Nc5 Bb5 29. Nxe6 1-0

[Event "CZE-chT2B 1819"]
[Site "Czech Republic"]
[Date "2019.02.10"]
[Round "8.2"]
[White "Slampa, Jan"]
[Black "Ksana, Vaclav"]
[Result "1-0"]
[WhiteElo "2231"]
[BlackElo "2072"]
[PlyCount "67"]
[EventDate "2018.10.14"]
[EventType "team-tourn"]
[EventRounds "11"]
[EventCountry "CZE"]
[SourceTitle "EXT 2022"]
[Source "ChessBase"]
[SourceDate "2021.10.06"]
[SourceVersion "1"]
[SourceVersionDate "2021.10.06"]
[SourceQuality "1"]
[WhiteTeam "Udlice"]
[BlackTeam "Louny Union"]
[WhiteTeamCountry "CZE"]
[BlackTeamCountry "CZE"]

1. d4 d5 2. c4 e6 3. Nc3 Nf6 4. cxd5 exd5 5. Bg5 Be7 6. Qc2 0-0 7. e3 h6 8. Bh4 b6 9. Bd3 c5 10. dxc5 bxc5 11. Bxf6 Bxf6 12. Nxd5 Bb7 13. Nxf6+ Qxf6 14. Nf3 Na6 15. Qc3 Nb4 16. Qxf6 gxf6 17. Bf5 Rfd8 18. a3 Nd3+ 19. Bxd3 Rxd3 20. Nd2 Rad8 21. 0-0-0 Kf8 22. Nf3 Ke7 23. Rxd3 Rxd3 24. Rd1 Rb3 25. Kc2 Rb6 26. b3 Ke6 27. Kc3 a5 28. Kc4 Rd6 29. Rxd6+ Kxd6 30. Nd2 Bxg2 31. Kb5 f5 32. Kxa5 f4 33. Kb6 fxe3 34. Nc4+ 1-0

[Event "CZE-chT2B 1819"]
[Site "Czech Republic"]
[Date "2018.12.16"]
[Round "5.3"]
[White "Ksana, Vaclav"]
[Black "Freisler, Pavel"]
[Result "1-0"]
[WhiteElo "2072"]
[BlackElo "2246"]
[PlyCount "57"]
[EventDate "2018.10.14"]
[EventType "team-tourn"]
[EventRounds "11"]
[EventCountry "CZE"]
[SourceTitle "EXT 2022"]
[Source "ChessBase"]
[SourceDate "2021.10.06"]
[SourceVersion "1"]
[SourceVersionDate "2021.10.06"]
[SourceQuality "1"]
[WhiteTeam "Louny Union"]
[BlackTeam "Kladno"]
[WhiteTeamCountry "CZE"]
[BlackTeamCountry "CZE"]

1. e4 Nf6 2. Nc3 e5 3. Nf3 Nc6 4. Bb5 Bb4 5. Bxc6 bxc6 6. d3 d6 7. 0-0 0-0 8. a3 Ba5 9. h3 Qe7 10. b4 Bb6 11. Na4 d5 12. c4 dxc4 13. dxc4 Rd8 14. Qc2 Bd4 15. Bb2 a5 16. Nc5 Bxc5 17. Nxe5 axb4 18. Nxc6 Qe8 19. Bxf6 gxf6 20. Nxd8 Qxd8 21. axb4 Rxa1 22. Rxa1 Be7 23. Ra8 Qd7 24. Qe2 Kf8 25. Qg4 f5 26. Qxf5 Qd1+ 27. Kh2 Bd6+ 28. e5 Ke7 29. Rxc8 1-0

[Event "CZE-chT2B 1819"]
[Site "Czech Republic"]
[Date "2018.11.18"]
[Round "3.3"]
[White "Ksana, Vaclav"]
[Black "Klement, Lukas"]
[Result "1/2-1/2"]
[WhiteElo "2072"]
[BlackElo "2254"]
[PlyCount "103"]
[EventDate "2018.10.14"]
[EventType "team-tourn"]
[EventRounds "11"]
[EventCountry "CZE"]
[SourceTitle "EXT 2022"]
[Source "ChessBase"]
[SourceDate "2021.10.06"]
[SourceVersion "1"]
[SourceVersionDate "2021.10.06"]
[SourceQuality "1"]
[WhiteTeam "Louny Union"]
[BlackTeam "Podborany"]
[WhiteTeamCountry "CZE"]
[BlackTeamCountry "CZE"]

1. e4 c5 2. f4 d5 3. exd5 Nf6 4. Nc3 Nxd5 5. Nf3 Nxc3 6. bxc3 e6 7. Bb5+ Nd7 8. Qe2 Be7 9. 0-0 0-0 10. d4 Nf6 11. Bb2 Qc7 12. Ne5 a6 13. Bd3 b5 14. c4 bxc4 15. Nxc4 cxd4 16. Bxd4 Bc5 17. Bxc5 Qxc5+ 18. Qe3 Nd7 19. Rab1 Ra7 20. a4 Rc7 21. Rfe1 Rd8 22. Nb6 Nxb6 23. Rxb6 Rd4 24. Rb8 Rxa4 25. Qxc5 Rxc5 26. f5 g6 27. fxe6 fxe6 28. Rxe6 Kf7 29. Reb6 a5 30. Ra8 Rc7 31. Rb5 Ra1+ 32. Kf2 a4 33. Rba5 Bd7 34. R8a7 Rxa7 35. Rxa7 Ke6 36. Bc4+ Kd6 37. Bg8 h5 38. Bf7 Bf5 39. Bxg6 Bxg6 40. Ra6+ Kc5 41. Rxg6 Ra2 42. Rg5+ Kb4 43. Rxh5 Rxc2+ 44. Kf3 a3 45. Rh8 Rc3+ 46. Ke4 Rc4+ 47. Kd3 Rc3+ 48. Kd2 Rb3 49. Rb8+ Kc4 50. Rc8+ Kd4 51. Rd8+ Ke4 52. Re8+ 1/2-1/2

[Event "CZE-chT2A 1718"]
[Site "Czech Republic"]
[Date "2018.02.25"]
[Round "9.4"]
[White "Ksana, Vaclav"]
[Black "Pilar, Miloslav"]
[Result "1/2-1/2"]
[WhiteElo "2034"]
[BlackElo "2123"]
[PlyCount "47"]
[EventDate "2017.10.15"]
[EventType "team-tourn"]
[EventRounds "11"]
[EventCountry "CZE"]
[SourceTitle "EXT 2022"]
[Source "ChessBase"]
[SourceDate "2021.10.06"]
[SourceVersion "1"]
[SourceVersionDate "2021.10.06"]
[SourceQuality "1"]
[WhiteTeam "Most Chess"]
[BlackTeam "Vysehrad II"]
[WhiteTeamCountry "CZE"]
[BlackTeamCountry "CZE"]

1. e4 e6 2. d4 d5 3. Nd2 Nc6 4. Ngf3 Nf6 5. e5 Nd7 6. Bb5 a6 7. Bxc6 bxc6 8. 0-0 c5 9. dxc5 Nxc5 10. Nd4 Bd7 11. f4 Be7 12. f5 exf5 13. Nxf5 Bxf5 14. Rxf5 Qd7 15. Rh5 Qe6 16. b4 Nd7 17. Nf3 Bxb4 18. Qd3 g6 19. Rh4 Nxe5 20. Qd4 Nxf3+ 21. gxf3 Qe1+ 22. Kg2 Qe2+ 23. Kg1 Qe1+ 24. Kg2 1/2-1/2

[Event "CZE-chT2B 1314"]
[Site "Czech Republic"]
[Date "2014.01.19"]
[Round "6.6"]
[White "Dvorak, Jaroslav"]
[Black "Ksana, Vaclav"]
[Result "1-0"]
[WhiteElo "2058"]
[BlackElo "2101"]
[PlyCount "75"]
[EventDate "2013.11.03"]
[EventType "team-tourn"]
[EventRounds "11"]
[EventCountry "CZE"]
[SourceTitle "EXT 2015"]
[Source "ChessBase"]
[SourceDate "2014.11.20"]
[SourceVersion "1"]
[SourceVersionDate "2014.11.20"]
[SourceQuality "1"]
[WhiteTeam "Litvinov Lom"]
[BlackTeam "Most Chess"]
[WhiteTeamCountry "CZE"]
[BlackTeamCountry "CZE"]

1. e4 Nc6 2. Nf3 e5 3. Bb5 a6 4. Ba4 Nf6 5. Bxc6 dxc6 6. d3 Bc5 7. Bg5 Qe7 8. Nbd2 h6 9. Bh4 b5 10. Bg3 Bg4 11. h3 Bxf3 12. Qxf3 Qe6 13. Nb3 Bb6 14. 0-0 0-0 15. Qe2 Nd7 16. Rae1 c5 17. Kh2 c4 18. dxc4 bxc4 19. Nd2 c3 20. bxc3 Ba5 21. Nc4 Bxc3 22. Rd1 Nb6 23. Nxb6 cxb6 24. Rd5 Rfc8 25. Rfd1 Bd4 26. f4 f6 27. fxe5 fxe5 28. Bf2 Bxf2 29. Qxf2 Rf8 30. Qg3 Rac8 31. R1d2 Rc5 32. Rxc5 bxc5 33. Rd5 Re8 34. a3 c4 35. Qc3 Qf6 36. Qxc4 Qf4+ 37. Kh1 Qc1+ 38. Rd1+ 1-0